000 01138nam a2200265 i 4500
001 176673
003 ES-MaACL
005 20240527094804.0
007 t|
008 110201s2002 sp a ||||1| spa d
020 _a84-96008-07-X
080 _a75 Caballero, José (083.824)
100 1 _aCaballero, José,
_d1915-1991
_933084
245 1 0 _aJosé Caballero
_b: círculos y sueños /
_c[catálogo de la exposición organizada por Ministerio de Asuntos Exteriores y Sociedad Estatal para la Acción Cultural Exterior ; comisario, Mariano Navarro].
260 _aMadrid :
_bSociedad Estatal para la Acción Cultural Exterior :
_bMinisterio de Asuntos Exteriores, Dirección General de Relaciones Culturales y Científicas,
_cD. L. 2002.
300 _a130 p. :
_bil. col. y n. ;
_c28 cm.
504 _aBibliografía : p. 105-106.
546 _aTexto en español y en inglés.
600 0 4 _aCaballero, José,
_d1915-1991-
_xExposiciones
_933085
655 7 _2tgfbne
_9193628
_aCatálogos de exposiciones
700 1 _aNavarro, Mariano.
_9144963
852 _aES-MaACL
_jE-14141
942 _2udc
999 _c176673
_d176673